01102naa#a2200229#i#4500001001600000005001700016011001400033100004100047102000700088200022900095210005800324215001000382608004500392675006600437700005600503700006600559700005400625700006000679700005800739700005200797856002300849RU\\bibl\12063920260515054304.5##a2587-6740##a20260415b2026####ek#y0rusy0150####ca##aRU1#aОценка динамики развития свеклосахарного подкомплекса АПК регионов Центрального федерального округаeЖурнальная статья1#aМоскваcЭлектронная наукаd2026##a7 с.##aЖурнальная статья2local##aАгропромышленный комплекс. 338.436.33#1aЩербаковgДмитрий Борисович#1aХарченкоgЕкатерина Владимировна#1aБолохонцеваgЮлия Ивановна#1aПетрушинаgОльга Вячеславовна#1aРустамовgДавид Мурвалатович#1aЖиляковgДмитрий Иванович4#astolypinvestnik.ru